Directorio de instituciones : (Registro nro. 1563)

Detalles MARC
000 -CABECERA
Campo de control 00852nam a2200241 a 4500
005 - FECHA Y HORA DE LA ULTIMA TRANSACCION
Campo de control 20200104041522.0
008 - ELEMENTOS DE LONGITUD FIJA—INFORMACION GENERAL
Campo de control 140228s1989 cl fr|||| 000 0 spa d
040 ## - FUENTE DE CATALOGACIÓN
Agencia catalogadora original CO-BoIAVH
Agencia transcriptora CO-BoIAVH
041 0# - IDIOMA
Código de idioma para texto/pista de sonido o título separado Español
044 ## - PAÍS DE PUBLICACIÓN
País de publicación Chile
082 04 - NUMERO DE CLASIFICACION DECIMAL DEWEY
Número de clasificación 333.783092
Número del ítem O68d
110 2# - ASIENTO PRINCIPAL--NOMBRE CORPORATIVO
Unidad subordinad Organización de las Naciones Unidas para la Agricultura y la Alimentación
9 (RLIN) 60921
245 10 - MENCION DE TITULO
Título Directorio de instituciones :
Parte restante del título parques nacionales, otras áreas protegidas, flora y fauna silvestres
260 ## - PUBLICACION, DISTRIBUCION, ETC. (PIE DE IMPRENTA)
Lugar de publicación, distribución, etc. Santiago de Chile .
Nombre del editor, distribuidor, etc. FAO :
-- PNUMA ,
Fecha de publicación, distribución, etc. 1989.
300 ## - DESCRIPCION FISICA
Extensión 133 páginas ;
Dimensiones 26 x 18 cm.
650 16 - ASIENTO SECUNDARIO DE MATERIA - TERMINO TEMATICO
Término temático o nombre geográfico como elemento de entrada Parques nacionales naturales
9 (RLIN) 60922
650 16 - ASIENTO SECUNDARIO DE MATERIA - TERMINO TEMATICO
Término temático o nombre geográfico como elemento de entrada Directorios
9 (RLIN) 17420
650 26 - ASIENTO SECUNDARIO DE MATERIA - TERMINO TEMATICO
Término temático o nombre geográfico como elemento de entrada Areas protegidas
9 (RLIN) 78
650 26 - ASIENTO SECUNDARIO DE MATERIA - TERMINO TEMATICO
Término temático o nombre geográfico como elemento de entrada Fauna
9 (RLIN) 60925
650 26 - ASIENTO SECUNDARIO DE MATERIA - TERMINO TEMATICO
Término temático o nombre geográfico como elemento de entrada Flora
9 (RLIN) 60926
710 2# - ASIENTO SECUNDARIO - NOMBRE CORPORATIVO
Nombre corporativo o de jurisdicción como elemento de entrada Programa de las Naciones Unidas para el Medio Ambiente
9 (RLIN) 60927
942 ## - ELEMENTOS ADICIONALES (KOHA)
Tipo de ítem Libro
Sistema de clasificación Dewey Decimal Classification
Existencias
Withdrawn status Lost status Sistema de Clasificación Damaged status No para préstamo Colección Inventariado Ubicación Permanente Ubicación actual Fecha de adquisición Fuente de Valor Total Checkouts Número topográfico Inventario / Código de Barras Date last seen Ejemplar Price effective from Forma de adquisición Tipo de material
    Dewey Decimal Classification     General Inventariado 2017 Bogotá Bogotá 05/04/2000 Baptiste, Luis Guillermo   LB-333.783092 O68d 002150 04/12/2012 Ej. 1 04/12/2012   Libro